[Event "Cornella de Llobregat op 7th"]
[Site "Cornella de Llobregat"]
[Date "2019.11.18"]
[Round "7"]
[White "Garcia Gil, Javier"]
[Black "Bada Navarra, Jordi"]
[Result "1/2-1/2"]
[WhiteElo "2122"]
[BlackElo "2142"]
[PlyCount "120"]
[EventDate "2019.10.07"]
[EventType "swiss"]
[EventRounds "9"]
[EventCountry "ESP"]
[SourceTitle "CBM 193 Extra"]
[Source "ChessBase"]
[SourceDate "2020.01.31"]
[SourceVersion "1"]
[SourceVersionDate "2020.01.31"]
[SourceQuality "1"]

1. d4 e6 2. e4 d5 3. Bd3 dxe4 4. Bxe4 Nf6 5. Bf3 Nbd7 6. Ne2 Bd6 7. 0-0 0-0 8. Ng3 e5 9. Nf5 Re8 10. Nxd6 cxd6 11. dxe5 dxe5 12. Be3 Qe7 13. Nc3 e4 14. Be2 h6 15. Qd4 Nb6 16. Rad1 Bg4 17. Qc5 Qxc5 18. Bxc5 Na4 19. Bxg4 Nxc5 20. Be2 Red8 21. f3 Kf8 22. b4 exf3 23. Bxf3 Ne6 24. Nd5 Nxd5 25. Bxd5 Ke7 26. c4 a5 27. b5 Rac8 28. b6 Rc5 29. a4 Rd6 30. Rb1 Rd7 31. Rb2 g5 32. g3 g4 33. Re2 Rcxd5 34. cxd5 Rxd5 35. Rc1 Kd6 36. Rf2 Nd4 37. Kg2 Nf3 38. Rc7 Rd1 39. Rxf3 gxf3+ 40. Kf2 Rd2+ 41. Kxf3 Rxh2 42. Rxb7 f6 43. Ra7 Rb2 44. Rxa5 Rxb6 45. Kf4 Ke6 46. Rb5 Rc6 47. a5 Rc4+ 48. Kf3 Ra4 49. g4 Ra1 50. Kf2 Ra4 51. Kg3 Kf7 52. Kh4 Kg6 53. Rc5 Ra3 54. Rb5 Ra4 55. Kg3 Ra3+ 56. Kf4 Ra4+ 57. Kf3 Ra2 58. Rc5 Ra4 59. Rd5 Ra1 60. Ke3 Ra4 1/2-1/2

[Event "Barcelona City op 24th"]
[Site "Barcelona"]
[Date "2019.09.27"]
[Round "1"]
[White "Song, Raymond"]
[Black "Garcia Gil, Javier"]
[Result "1-0"]
[WhiteElo "2456"]
[BlackElo "2122"]
[PlyCount "97"]
[EventDate "2019.09.27"]
[EventType "swiss"]
[EventRounds "9"]
[EventCountry "ESP"]
[SourceTitle "EXT 2020"]
[Source "ChessBase"]
[SourceDate "2019.10.17"]
[SourceVersion "1"]
[SourceVersionDate "2019.10.17"]
[SourceQuality "1"]

1. d4 Nf6 2. c4 e6 3. g3 d5 4. Bg2 dxc4 5. Qa4+ Bd7 6. Qxc4 Bc6 7. Nf3 Be7 8. 0-0 0-0 9. Nbd2 b6 10. Re1 Bd5 11. Qc2 c5 12. e4 Bb7 13. dxc5 Na6 14. e5 Nd5 15. a3 Nxc5 16. b4 Nd7 17. Ne4 Qc7 18. Qxc7 Nxc7 19. Bg5 Bxg5 20. Nexg5 a5 21. Rad1 Bd5 22. Nd4 h6 23. Bxd5 exd5 24. Ngf3 axb4 25. axb4 Ne6 26. Nc6 Rfe8 27. Rxd5 Ndf8 28. h4 Ra3 29. Kg2 Ng6 30. Re4 Rc3 31. Rd6 f5 32. exf6 Nef4+ 33. Rxf4 Nxf4+ 34. gxf4 gxf6 35. Rxf6 Kg7 36. Rd6 Re4 37. Ncd4 Kh7 38. Kg3 Rd3 39. b5 h5 40. Kg2 Rxf4 41. Ng5+ Kg8 42. Rg6+ Kh8 43. Nde6 Rg4+ 44. Kf1 Rg1+ 45. Kxg1 Rd1+ 46. Kg2 Rg1+ 47. Kf3 Rg3+ 48. Kf4 Rg4+ 49. Ke5 1-0

[Event "Barcelona Sant Marti op 21st"]
[Site "Barcelona"]
[Date "2019.07.17"]
[Round "5"]
[White "Rojas Fernandez, Andres"]
[Black "Garcia Gil, Javier"]
[Result "0-1"]
[WhiteElo "1915"]
[BlackElo "2143"]
[PlyCount "44"]
[EventDate "2019.07.13"]
[EventType "swiss"]
[EventRounds "9"]
[EventCountry "ESP"]
[SourceTitle "EXT 2020"]
[Source "ChessBase"]
[SourceDate "2019.10.17"]
[SourceVersion "1"]
[SourceVersionDate "2019.10.17"]
[SourceQuality "1"]

1. e4 c6 2. d4 d5 3. Nc3 dxe4 4. Nxe4 Nf6 5. Nxf6+ exf6 6. Nf3 Bd6 7. Bd2 0-0 8. Be2 Bg4 9. 0-0 Re8 10. h3 Bh5 11. Re1 Nd7 12. Nh4 Bg6 13. Nxg6 hxg6 14. c4 f5 15. b4 Qh4 16. Bc3 Qf4 17. g3 Qh6 18. Kg2 f4 19. b5 fxg3 20. fxg3 Re3 21. Bf3 Rxc3 22. bxc6 Qg5 0-1

[Event "Barcelona Sant Marti op 21st"]
[Site "Barcelona"]
[Date "2019.07.15"]
[Round "3"]
[White "Laddha, Yash Jayesh"]
[Black "Garcia Gil, Javier"]
[Result "0-1"]
[WhiteElo "1592"]
[BlackElo "2143"]
[PlyCount "62"]
[EventDate "2019.07.13"]
[EventType "swiss"]
[EventRounds "9"]
[EventCountry "ESP"]
[SourceTitle "EXT 2020"]
[Source "ChessBase"]
[SourceDate "2019.10.17"]
[SourceVersion "1"]
[SourceVersionDate "2019.10.17"]
[SourceQuality "1"]

1. e4 c6 2. d4 d5 3. Nd2 dxe4 4. Nxe4 Bf5 5. Ng3 Bg6 6. h4 h6 7. Nf3 e6 8. Ne5 Bh7 9. Bd3 Bxd3 10. Qxd3 Nd7 11. Bf4 Nxe5 12. Bxe5 Nf6 13. 0-0-0 Qa5 14. Qb3 0-0-0 15. Bxf6 gxf6 16. c4 Rg8 17. c5 f5 18. Rhg1 Be7 19. h5 Bf6 20. Qc4 Qc7 21. Ne2 Qh2 22. Ng3 Rxd4 23. Qc2 Rxd1+ 24. Rxd1 Qxg2 25. Kb1 Rd8 26. Rxd8+ Bxd8 27. Qd2 Bg5 28. Qe2 Qd5 29. b4 Qd4 30. a3 Bf6 31. Qe3 Qb2# 0-1

[Event "Barcelona Tupinamba op-A 14th"]
[Site "Barcelona"]
[Date "2019.05.08"]
[Round "5.1"]
[White "Munoz Pantoja, Miguel Angel"]
[Black "Garcia Gil, Javier"]
[Result "1-0"]
[WhiteElo "2482"]
[BlackElo "2127"]
[PlyCount "77"]
[EventDate "2019.03.27"]
[EventType "swiss"]
[EventRounds "9"]
[EventCountry "ESP"]
[SourceTitle "EXT 2024"]
[Source "ChessBase"]
[SourceDate "2023.10.10"]
[SourceVersion "1"]
[SourceVersionDate "2023.10.10"]
[SourceQuality "1"]

1. e4 c6 2. Nc3 d5 3. Nf3 Nf6 4. e5 Ne4 5. Nxe4 dxe4 6. Ng5 Qd5 7. Qe2 Bf5 8. g4 Bg6 9. Bg2 Qxe5 10. Nxe4 h5 11. g5 Bxe4 12. g6 f5 13. d3 e6 14. dxe4 Bb4+ 15. Kf1 Nd7 16. f4 Qf6 17. c3 Be7 18. exf5 Qxf5 19. Be4 Qh3+ 20. Qg2 Qxg2+ 21. Kxg2 0-0-0 22. Re1 Nc5 23. Bc2 Nd3 24. Rxe6 Bc5 25. Re2 Rhf8 26. Kf3 Nxc1 27. Rxc1 Bd6 28. f5 Rd7 29. Rd1 Be7 30. Rxd7 Kxd7 31. Kf4 Bf6 32. Re6 Bd8 33. Bb3 Be7 34. Re2 Bd8 35. Bf7 Bc7+ 36. Kg5 Rh8 37. f6 Bd8 38. Rd2+ Kc7 39. Rxd8 1-0

[Event "Barcelona Sant Marti op 8th"]
[Site "Barcelona"]
[Date "2019.03.14"]
[Round "9"]
[White "Montoliu Delgado, Isaac"]
[Black "Garcia Gil, Javier"]
[Result "0-1"]
[WhiteElo "1998"]
[BlackElo "2127"]
[PlyCount "56"]
[EventDate "2019.01.17"]
[EventType "swiss"]
[EventRounds "9"]
[EventCountry "ESP"]
[SourceTitle "CBM 189 Extra"]
[Source "ChessBase"]
[SourceDate "2019.06.03"]
[SourceVersion "1"]
[SourceVersionDate "2019.06.03"]
[SourceQuality "1"]

1. d4 Nf6 2. c4 e6 3. Nc3 Bb4 4. Bd2 d5 5. e3 0-0 6. Nf3 b6 7. cxd5 exd5 8. Be2 a6 9. 0-0 Bb7 10. a3 Bd6 11. b4 Nbd7 12. Qb3 Qe7 13. g3 Ne4 14. Nxd5 Qe6 15. Bc4 b5 16. Nxc7 Qf6 17. Bd5 Qxf3 18. Bxb7 Bxc7 19. Bxa8 Rxa8 20. Qd1 Qf6 21. Rc1 Bd6 22. Bc3 Re8 23. Kg2 Nb6 24. Qg4 Nc4 25. Qd7 Rd8 26. Qc6 Qf5 27. Be1 Ng5 28. h4 Rc8 0-1

[Event "Sabadell op 11th"]
[Site "Sabadell"]
[Date "2018.09.10"]
[Round "9"]
[White "Fernandez Diaz, Cristian"]
[Black "Garcia Gil, Javier"]
[Result "1-0"]
[WhiteElo "2221"]
[BlackElo "2141"]
[PlyCount "161"]
[EventDate "2018.09.01"]
[EventType "swiss"]
[EventRounds "9"]
[EventCountry "ESP"]
[SourceTitle "EXT 2019"]
[Source "ChessBase"]
[SourceDate "2018.10.10"]
[SourceVersion "1"]
[SourceVersionDate "2018.10.10"]
[SourceQuality "1"]

1. d4 Nf6 2. c4 e6 3. Nc3 Bb4 4. Qc2 d5 5. cxd5 exd5 6. Bg5 h6 7. Bh4 c5 8. dxc5 Qa5 9. Bxf6 gxf6 10. e3 Bxc3+ 11. Qxc3 Qxc3+ 12. bxc3 Nd7 13. Bb5 Ke7 14. Bxd7 Bxd7 15. Ne2 Rhc8 16. 0-0-0 Rxc5 17. Kb2 Bb5 18. Nf4 Bc4 19. Rd2 Rac8 20. Rhd1 R8c7 21. Rxd5 b5 22. Rxc5 Rxc5 23. Rd2 Be6 24. g3 f5 25. Rd4 Bc4 26. a3 Be6 27. Nxe6 fxe6 28. Rh4 Rd5 29. Kc2 a5 30. Rxh6 Rc5 31. Rh7+ Kd6 32. Rh4 e5 33. Kb3 e4 34. Rh8 Rc4 35. Ra8 a4+ 36. Kc2 Ke6 37. h4 Kf6 38. Ra6+ Kg7 39. Rd6 Rc5 40. Kd2 Kh7 41. Re6 Kg7 42. h5 Kf7 43. Rg6 Rd5+ 44. Kc2 Rc5 45. g4 fxg4 46. Rxg4 Rxh5 47. Rxe4 Rh2 48. Rf4+ Ke6 49. Kd3 Rh1 50. Rb4 Ra1 51. Rxb5 Rxa3 52. Ra5 Ra1 53. Ke4 a3 54. Ra6+ Ke7 55. f4 a2 56. c4 Kd7 57. Ke5 Re1 58. Rxa2 Rxe3+ 59. Kd4 Rf3 60. Ke4 Rc3 61. Rd2+ Ke6 62. f5+ Ke7 63. Rd4 Ra3 64. Ke5 Ra6 65. c5 Rc6 66. Kd5 Rf6 67. Re4+ Kd7 68. Re5 Rh6 69. Re6 Rh1 70. c6+ Kd8 71. Ke5 Re1+ 72. Kf6 Rf1 73. Kg6 Rg1+ 74. Kf7 Rg2 75. f6 Rg1 76. c7+ Kxc7 77. Ke7 Rd1 78. f7 Rd7+ 79. Kf6 Rd8 80. Re8 Rd6+ 81. Kg7 1-0

[Event "Sabadell op 11th"]
[Site "Sabadell"]
[Date "2018.09.01"]
[Round "1"]
[White "Munoz Pantoja, Miguel Angel"]
[Black "Garcia Gil, Javier"]
[Result "1-0"]
[WhiteElo "2471"]
[BlackElo "2141"]
[PlyCount "104"]
[EventDate "2018.09.01"]
[EventType "swiss"]
[EventRounds "9"]
[EventCountry "ESP"]
[SourceTitle "EXT 2019"]
[Source "ChessBase"]
[SourceDate "2018.10.10"]
[SourceVersion "1"]
[SourceVersionDate "2018.10.10"]
[SourceQuality "1"]

1. e4 c6 2. Nc3 d5 3. Nf3 Bg4 4. Be2 e6 5. 0-0 Nd7 6. d3 Bb4 7. Ne1 Bxe2 8. Qxe2 Ne7 9. f4 dxe4 10. dxe4 Bc5+ 11. Kh1 Qc7 12. Nd3 Bd4 13. Be3 Bxe3 14. Qxe3 Qb6 15. Qg3 0-0 16. Rae1 Rae8 17. Rf3 Qc7 18. Qh3 e5 19. f5 f6 20. Qh5 Rf7 21. Nf2 Nf8 22. Ng4 Nc8 23. Rd1 b5 24. a4 a6 25. b3 Ree7 26. Rg3 Kh8 27. Rgd3 Rd7 28. Nf2 Kg8 29. g4 Qa7 30. Kg2 Rd4 31. g5 fxg5 32. Ng4 Rxd3 33. Rxd3 Qe7 34. Nd1 Nd6 35. Ndf2 Nd7 36. axb5 axb5 37. b4 Nc4 38. c3 Rf8 39. Rh3 Nf6 40. Qxg5 Kh8 41. Nd3 Ra8 42. Qg6 Rd8 43. Qg5 Rd7 44. Qh4 Kg8 45. Nxf6+ gxf6 46. Rg3+ Kh8 47. Nc5 Rd2+ 48. Kh3 Rd8 49. Rg6 Rf8 50. Ne6 Rf7 51. Rg3 Qe8 52. Rd3 Qd8 1-0

[Event "Barcelona Sant Marti op-A 20th"]
[Site "Barcelona"]
[Date "2018.07.20"]
[Round "8"]
[White "Marzo Pie, Xavier"]
[Black "Garcia Gil, Javier"]
[Result "1/2-1/2"]
[WhiteElo "2206"]
[BlackElo "2110"]
[PlyCount "132"]
[EventDate "2018.07.13"]
[EventType "swiss"]
[EventRounds "9"]
[EventCountry "ESP"]
[SourceTitle "CBM 185 Extra"]
[Source "ChessBase"]
[SourceDate "2018.07.29"]
[SourceVersion "1"]
[SourceVersionDate "2018.07.29"]
[SourceQuality "1"]

1. d4 Nf6 2. c4 e6 3. Nc3 Bb4 4. Qc2 d5 5. cxd5 exd5 6. Bg5 0-0 7. e3 h6 8. Bh4 Nbd7 9. Bd3 c6 10. Nf3 Re8 11. 0-0 a5 12. a3 Bd6 13. Rfc1 Qe7 14. Na4 g5 15. Bg3 Bxg3 16. hxg3 Ne4 17. Rab1 Kg7 18. Nc3 f5 19. b4 axb4 20. axb4 Ra3 21. Qb2 Ra8 22. b5 g4 23. Nh4 Ndf6 24. bxc6 bxc6 25. Nxe4 fxe4 26. Rxc6 Be6 27. Bf1 Nd7 28. Qc2 Rf8 29. Rc7 Rf7 30. Bb5 Raf8 31. Bxd7 Bxd7 32. Rbb7 Qd6 33. Qa2 Bc8 34. Qa7 Qf6 35. Rxc8 Qxf2+ 36. Kh2 Rxc8 37. Rxf7+ Qxf7 38. Nf5+ Kf6 39. Qxf7+ Kxf7 40. Nd6+ Ke6 41. Nxc8 Kd7 42. Nb6+ Kc6 43. Nxd5 Kxd5 44. Kg1 Kc4 45. Kf2 Kb4 46. Ke2 Kc4 47. Kd1 Kb4 48. Kd2 Kc4 49. Kc2 h5 50. Kd1 Kb5 51. Kc1 Kc4 52. Kc2 Kb4 53. Kb2 Kc4 54. Ka3 Kd3 55. d5 Kxe3 56. d6 Kf2 57. d7 e3 58. d8Q e2 59. Qf6+ Kxg2 60. Qe5 Kf2 61. Qf4+ Kg2 62. Qe3 Kf1 63. Qf4+ Kg2 64. Qe5 Kf1 65. Qxh5 e1Q 66. Qxg4 Kg2 1/2-1/2

[Event "Barcelona Sant Marti op-A 20th"]
[Site "Barcelona"]
[Date "2018.07.14"]
[Round "2"]
[White "Smirnov, Artem"]
[Black "Garcia Gil, Javier"]
[Result "1-0"]
[WhiteElo "2405"]
[BlackElo "2110"]
[PlyCount "129"]
[EventDate "2018.07.13"]
[EventType "swiss"]
[EventRounds "9"]
[EventCountry "ESP"]
[SourceTitle "CBM 185 Extra"]
[Source "ChessBase"]
[SourceDate "2018.07.29"]
[SourceVersion "1"]
[SourceVersionDate "2018.07.29"]
[SourceQuality "1"]

1. d4 Nf6 2. c4 e6 3. Nf3 d5 4. e3 c5 5. cxd5 exd5 6. Bb5+ Bd7 7. Bxd7+ Nbxd7 8. 0-0 Bd6 9. dxc5 Nxc5 10. b3 Nce4 11. Bb2 Rc8 12. Qd3 0-0 13. Nc3 Qd7 14. Rac1 Qf5 15. h3 Rcd8 16. Nb5 Bb8 17. Ba3 Rfe8 18. Nc7 Bxc7 19. Rxc7 Rd7 20. Nd4 Qe5 21. Rxd7 Nxd7 22. Qb5 Nb6 23. Bb2 Ra8 24. a4 Qe8 25. Qe2 Nd6 26. Qg4 Qd7 27. Qh5 a5 28. Rd1 Re8 29. Ne2 Qf5 30. Qxf5 Nxf5 31. Bc3 Ra8 32. g4 Ne7 33. Nf4 Kf8 34. Bd4 Ra6 35. e4 Nd7 36. Nxd5 Nxd5 37. exd5 f6 38. Be3 Ke7 39. Rc1 Rd6 40. Bc5 Nxc5 41. Rxc5 b6 42. Rb5 h6 43. Kg2 f5 44. Kf3 Kf6 45. Ke3 fxg4 46. hxg4 g6 47. Kf4 h5 48. g5+ Ke7 49. b4 axb4 50. Ke5 Kd7 51. Rxb4 Ke7 52. Rb3 Kd7 53. f4 Ke7 54. Rh3 b5 55. axb5 Rb6 56. f5 gxf5 57. Rxh5 Rxb5 58. Rh7+ Kf8 59. g6 Rb6 60. d6 Rb1 61. Kf6 Kg8 62. Re7 Rb8 63. d7 Rf8+ 64. Kg5 f4 65. Re8 1-0

[Event "Barcelona Primavera La Lira op 11th"]
[Site "Barcelona"]
[Date "2018.04.26"]
[Round "3"]
[White "Rojas Fernandez, Andres"]
[Black "Garcia Gil, Javier"]
[Result "1/2-1/2"]
[WhiteElo "1975"]
[BlackElo "2133"]
[PlyCount "112"]
[EventDate "2018.04.12"]
[EventType "swiss"]
[EventRounds "9"]
[EventCountry "ESP"]
[SourceTitle "CBM 184 Extra"]
[Source "ChessBase"]
[SourceDate "2018.06.28"]
[SourceVersion "1"]
[SourceVersionDate "2018.06.28"]
[SourceQuality "1"]

1. d4 Nf6 2. Bf4 g6 3. e3 Bg7 4. Nf3 b6 5. Be2 Bb7 6. h3 d6 7. 0-0 Nbd7 8. c4 c5 9. Nc3 cxd4 10. exd4 Rc8 11. b3 0-0 12. Rc1 Ne4 13. Nxe4 Bxe4 14. Qd2 e5 15. Bh6 Bc6 16. Bxg7 Kxg7 17. Rfe1 e4 18. Nh2 f5 19. d5 Bb7 20. f3 Nf6 21. fxe4 Nxe4 22. Qd4+ Qf6 23. Nf3 Rfe8 24. Bd3 Nc5 25. Bb1 Nd7 26. Qxf6+ Kxf6 27. Nd4 Rxe1+ 28. Rxe1 Ne5 29. Nb5 Ba6 30. Nxd6 Rd8 31. Rxe5 Rxd6 32. Re8 Kf7 33. Rh8 Kg7 34. Ra8 Rd7 35. Bd3 Kf6 36. b4 Ke5 37. b5 Bb7 38. Rxa7 Kd4 39. Bf1 Rf7 40. Kf2 Bxd5 41. Rxf7 Bxf7 42. a4 Bxc4 43. Bxc4 Kxc4 44. a5 Kxb5 45. axb6 Kxb6 46. Ke3 Kc5 47. Kf4 Kd4 48. h4 Kd5 49. Kg5 Ke6 50. Kh6 Kf6 51. g3 Kf7 52. Kxh7 Kf6 53. Kh6 Kf7 54. Kg5 Kg7 55. h5 gxh5 56. Kxf5 h4 1/2-1/2

[Event "Barcelona Sant Marti op 7th"]
[Site "Barcelona"]
[Date "2018.01.25"]
[Round "3"]
[White "Garcia Gil, Javier"]
[Black "Rojas Fernandez, Andres"]
[Result "1-0"]
[WhiteElo "2085"]
[BlackElo "1991"]
[PlyCount "51"]
[EventDate "2018.01.11"]
[EventType "swiss"]
[EventRounds "9"]
[EventCountry "ESP"]
[SourceTitle "EXT 2019"]
[Source "ChessBase"]
[SourceDate "2018.10.10"]
[SourceVersion "1"]
[SourceVersionDate "2018.10.10"]
[SourceQuality "1"]

1. d4 d5 2. c4 e6 3. Nc3 Nf6 4. cxd5 exd5 5. Bg5 Be7 6. e3 0-0 7. Bd3 Re8 8. Qc2 h6 9. Bh4 Nbd7 10. Nge2 c6 11. 0-0 Nf8 12. f3 Ne6 13. Rad1 Bd7 14. a3 Rc8 15. Qd2 Qc7 16. Bb1 Nh5 17. Bxe7 Rxe7 18. e4 Nhf4 19. Nxf4 Nxf4 20. e5 Ne6 21. f4 Nf8 22. f5 Ree8 23. e6 fxe6 24. f6 Red8 25. fxg7 Kxg7 26. Qf2 1-0

[Event "Barcelona Sant Marti op 7th"]
[Site "Barcelona"]
[Date "2018.01.18"]
[Round "2"]
[White "Cabot Muntane, Jordi"]
[Black "Garcia Gil, Javier"]
[Result "0-1"]
[WhiteElo "1861"]
[BlackElo "2085"]
[PlyCount "130"]
[EventDate "2018.01.11"]
[EventType "swiss"]
[EventRounds "9"]
[EventCountry "ESP"]
[SourceTitle "EXT 2019"]
[Source "ChessBase"]
[SourceDate "2018.10.10"]
[SourceVersion "1"]
[SourceVersionDate "2018.10.10"]
[SourceQuality "1"]

1. d4 Nf6 2. Nf3 e6 3. Bf4 b6 4. e3 Bb7 5. Be2 d6 6. 0-0 Nbd7 7. Nbd2 g6 8. h3 Bg7 9. c3 Qe7 10. Nc4 Ne4 11. Bh2 f5 12. a4 a6 13. Qc2 0-0 14. b4 Kh8 15. b5 a5 16. Ncd2 Rac8 17. Nxe4 Bxe4 18. Qb3 e5 19. Nd2 Bb7 20. Bf3 e4 21. Be2 g5 22. Rae1 Nf6 23. f3 exf3 24. Bxf3 Ne4 25. Nxe4 Bxe4 26. Bxe4 Qxe4 27. Qb1 Rce8 28. Qxe4 Rxe4 29. Kh1 Rfe8 30. Rf3 f4 31. Bg1 h5 32. Bf2 Bh6 33. g4 hxg4 34. hxg4 Kg7 35. Rh3 Kg6 36. Rf3 Bg7 37. Re2 fxe3 38. Rfxe3 Rh8+ 39. Kg2 Rxe3 40. Rxe3 Rc8 41. Re1 Bf6 42. Re6 Kf7 43. Re1 d5 44. Rd1 Re8 45. Re1 Rc8 46. Rd1 c6 47. Rb1 Bd8 48. Be1 c5 49. Bd2 cxd4 50. cxd4 Rc4 51. Rf1+ Kg6 52. Be3 Bf6 53. Rf5 Rxa4 54. Rxd5 Rb4 55. Kf3 a4 56. Ke4 a3 57. Rd7 Rxb5 58. Ra7 Rb3 59. Bc1 Rb4 60. Bxa3 Rxd4+ 61. Kf3 Rf4+ 62. Kg3 Rc4 63. Ra6 Be5+ 64. Kh3 Bc7 65. Ra7 Rc2 0-1

[Event "Barcelona Tupinamba op 12th"]
[Site "Barcelona"]
[Date "2017.03.22"]
[Round "1.5"]
[White "Garcia Gil, Javier"]
[Black "Barragan Hernandez, Manel"]
[Result "0-1"]
[WhiteElo "2162"]
[BlackElo "1851"]
[PlyCount "80"]
[EventDate "2017.03.22"]
[EventType "swiss"]
[EventRounds "9"]
[EventCountry "ESP"]
[SourceTitle "EXT 2024"]
[Source "ChessBase"]
[SourceDate "2023.10.10"]
[SourceVersion "1"]
[SourceVersionDate "2023.10.10"]
[SourceQuality "1"]

1. d4 Nf6 2. c4 g6 3. Nc3 d5 4. cxd5 Nxd5 5. Bd2 Nb6 6. Bg5 Bg7 7. Nf3 0-0 8. Rc1 Nc6 9. e3 Bf5 10. Bb5 Nb4 11. e4 Bg4 12. a3 Na6 13. Bxa6 bxa6 14. d5 Nc4 15. Qe2 Ne5 16. h3 Nxf3+ 17. gxf3 Bh5 18. Qe3 Qd6 19. Na4 Rab8 20. Bf4 e5 21. dxe6 Qxe6 22. Nc5 Qb6 23. b4 Rfd8 24. 0-0 Bd4 25. Qe2 Qf6 26. Nd3 Bb6 27. Kg2 Rxd3 28. Qxd3 Qxf4 29. Rc3 c5 30. Qe3 Qxe3 31. fxe3 cxb4 32. axb4 Rd8 33. Rb1 a5 34. bxa5 Bxa5 35. Rc5 Bb6 36. Rd5 Rc8 37. Rb3 Rc2+ 38. Kg3 Re2 39. Rdd3 Bc7+ 40. f4 g5 0-1

[Event "Barcelona Tupinamba op 9th"]
[Site "Barcelona"]
[Date "2014.04.02"]
[Round "4"]
[White "Fernandez Madrid, Carlos"]
[Black "Garcia Gil, Javier"]
[Result "0-1"]
[WhiteElo "2281"]
[BlackElo "2269"]
[PlyCount "110"]
[EventDate "2014.03.12"]
[EventType "swiss"]
[EventRounds "9"]
[EventCountry "ESP"]
[SourceTitle "EXT 2016"]
[Source "ChessBase"]
[SourceDate "2015.10.08"]
[SourceVersion "1"]
[SourceVersionDate "2015.10.08"]
[SourceQuality "1"]

1. c4 Nf6 2. Nf3 g6 3. g3 c6 4. Bg2 d5 5. cxd5 cxd5 6. 0-0 Bg7 7. Qa4+ Nfd7 8. Nc3 e6 9. e4 0-0 10. exd5 Nb6 11. Qh4 Bf6 12. Qh6 Bg7 13. Qh4 Bf6 14. Qh6 Bg7 15. Qh4 Qxh4 16. Nxh4 exd5 17. Nxd5 Nxd5 18. Bxd5 Rd8 19. Bg2 Nc6 20. Nf3 Be6 21. d4 Nxd4 22. Nxd4 Bxd4 23. Bxb7 Rab8 24. Bf3 Bxb2 25. Bxb2 Rxb2 26. a4 Rdd2 27. Rac1 Ra2 28. Ra1 Rxf2 29. Rxa2 Rxa2 30. Bc6 Kf8 31. Rb1 Rc2 32. Rb8+ Ke7 33. Bf3 Kd6 34. a5 Ra2 35. Rb5 Ra3 36. Kf2 Rb3 37. Rxb3 Bxb3 38. Ke3 Kc5 39. a6 Bc4 40. Bb7 Kb6 41. h4 Bxa6 42. Bd5 f6 43. g4 g5 44. h5 Bc8 45. h6 Bxg4 46. Be4 f5 47. Bc2 Kc5 48. Bb3 Bh5 49. Kd3 Bg6 50. Ke3 a5 51. Bd1 f4+ 52. Kd2 Kd4 53. Bb3 g4 54. Ke2 Be4 55. Be6 g3 0-1

[Event "Barcelona Tupinamba op 9th"]
[Site "Barcelona"]
[Date "2014.03.19"]
[Round "2"]
[White "Vallbona Domingo, Joan"]
[Black "Garcia Gil, Javier"]
[Result "0-1"]
[WhiteElo "2122"]
[BlackElo "2269"]
[PlyCount "82"]
[EventDate "2014.03.12"]
[EventType "swiss"]
[EventRounds "9"]
[EventCountry "ESP"]
[SourceTitle "EXT 2016"]
[Source "ChessBase"]
[SourceDate "2015.10.08"]
[SourceVersion "1"]
[SourceVersionDate "2015.10.08"]
[SourceQuality "1"]

1. Nf3 Nf6 2. c4 g6 3. g3 Bg7 4. Bg2 0-0 5. d4 c6 6. 0-0 d5 7. cxd5 cxd5 8. Nc3 Nc6 9. Bf4 Ne4 10. Qb3 g5 11. Bxg5 Nxg5 12. Nxg5 e6 13. Nf3 Nxd4 14. Nxd4 Bxd4 15. Rad1 Bg7 16. e3 Rb8 17. Rd2 b5 18. Rfd1 Qe7 19. Ne2 a5 20. e4 dxe4 21. Bxe4 e5 22. Nc3 Be6 23. Nd5 Qa7 24. Bb1 f5 25. Qe3 Qf7 26. Qc5 Kh8 27. Nb6 f4 28. Qc2 Qh5 29. Nd7 Rbc8 30. Qe4 Rf7 31. Nb6 Re8 32. Rd8 Rff8 33. R8d6 Bf5 34. Qg2 Bh3 35. Qe4 Bf5 36. Qg2 Bg4 37. Re1 Bf3 38. Qf1 e4 39. Rd5 Qh6 40. Qxb5 e3 41. fxe3 fxg3 0-1